| 000 | 00371cam a2200157ua 4500 | ||
|---|---|---|---|
| 003 | OSt | ||
| 008 | 250610b |||||||| |||| 00| 0 eng d | ||
| 041 | _aeng | ||
| 082 |
_a624.1821 _bFAB/CO |
||
| 100 |
_aFaber, Oscar . _97568 |
||
| 245 | _aConstructional steel work / | ||
| 250 | _a1 / | ||
| 260 |
_a : _bE. & F.N Spon Ltd , _c1955. |
||
| 300 | _a363 ; . | ||
| 942 | _cBK | ||
| 999 |
_c2013 _d2013 |
||